000 00264nam a22001337a 4500
003 SGT
082 _a658
_bT88P
100 _aPSINI, WALTER
245 _aTOURIST HEALTH
260 _aEUROPE
_c1988
300 _a273
650 _aHOTEL MANAGEMENT
942 _2ddc
_cBK
999 _c12998
_d12998